000
00250nam a22001097a 4500
999
_c
166756
_d
166756
082
_a
_b
100
_a
Vaidya C V
245
_a
The mahabharata:
_b
A cristicism/
_c
by Vaidya C V.
260
_a
New Delhi:
_b
Cosmo,
_c
1983.
650
_a
942
_c
BK